[Event "DSOL 2021"]
[Site "Germany"]
[Date "2021.02.24"]
[Round "4.2"]
[White "Malmberg, Mio"]
[Black "Zahn, Fabian"]
[Result "1-0"]
[WhiteElo "2075"]
[BlackElo "1967"]
[Annotator "TA"]
[PlyCount "95"]
[EventDate "2021.01.18"]
[EventType "team-tourn"]
[EventCountry "GER"]
[SourceTitle "playchess.com"]
[Source "ChessBase"]
[SourceQuality "1"]

1. d4 d5 2. c4 e6 3. Nc3 f5 4. Bf4 Nf6 5. e3 Be7 6. Nf3 O-O 7. Bd3 c6 8. O-O Ne4 9. Ne5 Nd7 10. cxd5 exd5 11. Qc2 Nxe5 12. Bxe5 Bd6 13. f3 Nxc3 14. bxc3 Bxe5 15. dxe5 Qb6 16. Rfe1 Be6 17. Rab1 Qc7 18. c4 Qxe5 19. Rxb7 Rfb8 20. Rxb8+ Rxb8 21. cxd5 Qxd5 22. e4 Qd4+ 23. Kh1 f4 24. Qxc6 Bxa2 25. Qc7 Rd8 26. Ba6 Qd2 27. Ra1 Qd1+ 28. Bf1 Qxa1 29. Qxd8+ Kf7 30. Qd7+ Kf6 31. Kg1 Bc4 32. Qf5+ Ke7 33. Qc5+ Kf6 34. Qxc4 Qe1 35. Qa6+ Ke5 36. Qxa7 h5 37. h3 h4 38. Qf2 Qc1 39. Qxh4 Qe3+ 40. Qf2 Qc1 41. Kh2 g5 42. Qe2 Kf6 43. Qa6+ Kg7 44. e5 Qe1 45. Qf6+ Kg8 46. Qxg5+ Kh8 47. Qh6+ Kg8 48. Bc4# 1-0

[Event "DSOL 2021"]
[Site "Germany"]
[Date "2021.02.24"]
[Round "4.2"]
[White "Wilting, Alexander"]
[Black "Gallasch, Robin"]
[Result "1/2-1/2"]
[WhiteElo "2072"]
[BlackElo "2067"]
[Annotator "TA"]
[PlyCount "125"]
[EventDate "2021.01.18"]
[EventType "team-tourn"]
[EventCountry "GER"]
[SourceTitle "playchess.com"]
[Source "ChessBase"]
[SourceQuality "1"]

1. e4 c6 2. Bc4 d5 3. Bb3 dxe4 4. Qh5 g6 5. Qh4 Nf6 6. Nc3 Bg7 7. f3 exf3 8. Nxf3 O-O 9. d4 Nbd7 10. Bh6 Nb6 11. O-O Nh5 12. Bxg7 Kxg7 13. g4 Nf6 14. g5 Nh5 15. Ne5 f6 16. Nd3 fxg5 17. Qxg5 Qxd4+ 18. Kh1 Bf5 19. Qxe7+ Kh8 20. Qe5+ Qxe5 21. Nxe5 Rae8 22. Nf7+ Kg7 23. Nd6 Re7 24. Rae1 Rd7 25. Nxf5+ Rxf5 26. Rxf5 gxf5 27. Be6 Re7 28. Rg1+ Kf6 29. Bb3 Nf4 30. Rd1 Nfd5 31. Bxd5 Nxd5 32. Nxd5+ cxd5 33. Rxd5 Re1+ 34. Kg2 Re2+ 35. Kg3 Rxc2 36. Rb5 b6 37. a4 Rc4 38. b3 Rc1 39. Kf4 Rf1+ 40. Kg3 Re1 41. Kf4 Re4+ 42. Kf3 Ke6 43. Kf2 Rd4 44. Kf3 h5 45. Kf2 Rd5 46. Rb4 Ke5 47. Rh4 Rd3 48. Rxh5 Rxb3 49. Rh7 a5 50. Rb7 Kf4 51. Rb8 Rb2+ 52. Kg1 Kf3 53. h4 Rb4 54. h5 Rxa4 55. Rxb6 Rg4+ 56. Kf1 f4 57. Rb3+ Ke4 58. Rb5 a4 59. Rb4+ Kf3 60. Rxa4 Rh4 61. Ra3+ Kg4 62. Ra5 Kg3 63. Kg1 1/2-1/2

[Event "DSOL 2021"]
[Site "Germany"]
[Date "2021.02.23"]
[Round "4.2"]
[White "Wielebinski, Paul Martin"]
[Black "Wessendorf, Thomas"]
[Result "1-0"]
[WhiteElo "2067"]
[BlackElo "2252"]
[Annotator "TA"]
[PlyCount "65"]
[EventDate "2021.01.18"]
[EventType "team-tourn"]
[EventCountry "GER"]
[SourceTitle "playchess.com"]
[Source "ChessBase"]
[SourceQuality "1"]

1. e4 c5 2. Nf3 e6 3. d4 cxd4 4. Nxd4 Nf6 5. Nc3 Nc6 6. Ndb5 Bb4 7. a3 Bxc3+ 8. Nxc3 d5 9. exd5 exd5 10. Bd3 O-O 11. O-O d4 12. Ne2 Bg4 13. Bg5 Re8 14. Re1 h6 15. Bh4 Qd6 16. f3 Bh5 17. Qd2 Bg6 18. Bxg6 fxg6 19. Rad1 Rad8 20. Bf2 Rd7 21. Nxd4 Red8 22. Qe2 Kh7 23. Nxc6 Qxc6 24. Rxd7 Qxd7 25. Bxa7 Qa4 26. Qf2 Rd5 27. c3 Nh5 28. Bd4 Nf4 29. Qe3 g5 30. Qe4+ Kg8 31. g3 Nh3+ 32. Kg2 Qd7 33. Qg6 1-0

[Event "DSOL 2021"]
[Site "Germany"]
[Date "2021.02.22"]
[Round "4.2"]
[White "Hein, Ralf"]
[Black "Keyser, Philipp"]
[Result "0-1"]
[WhiteElo "2053"]
[BlackElo "2030"]
[Annotator "TA"]
[PlyCount "68"]
[EventDate "2021.01.18"]
[EventType "team-tourn"]
[EventCountry "GER"]
[SourceTitle "playchess.com"]
[Source "ChessBase"]
[SourceQuality "1"]

1. c4 c5 2. Nc3 Nc6 3. d3 g6 4. g3 Bg7 5. Bg2 e5 6. e4 Nge7 7. Be3 d6 8. Qd2 O-O 9. Bh6 Bxh6 10. Qxh6 Nd4 11. Nf3 f6 12. Nxd4 cxd4 13. Ne2 a5 14. O-O Qb6 15. b3 a4 16. Rab1 Qb4 17. Bh3 f5 18. Bg2 f4 19. gxf4 Qd2 20. Bf3 Qxd3 21. Kg2 Qd2 22. Rfd1 Qxa2 23. Qg5 Rf7 24. fxe5 Bh3+ 25. Kg3 dxe5 26. Ng1 Bd7 27. bxa4 Nc6 28. Rxb7 Raf8 29. Rxd7 Rxd7 30. Qg4 Rd6 31. c5 Rdf6 32. Qd7 Qc2 33. Re1 Qc3 34. Qd5+ Kh8 0-1

[Event "DSOL 2021"]
[Site "Germany"]
[Date "2021.02.26"]
[Round "4.2"]
[White "Haufe, Laurin"]
[Black "Happe, Reinhold"]
[Result "1-0"]
[WhiteElo "2052"]
[BlackElo "2119"]
[Annotator "TA"]
[PlyCount "59"]
[EventDate "2021.01.18"]
[EventType "team-tourn"]
[EventCountry "GER"]
[SourceTitle "playchess.com"]
[Source "ChessBase"]
[SourceQuality "1"]
[WhiteTeam "SG Leipzig"]
[BlackTeam "SV Hellern I"]

1. e4 e5 2. Nf3 Nf6 3. Nxe5 d6 4. Nf3 Nxe4 5. d4 d5 6. Bd3 Bd6 7. O-O O-O 8. c4 c6 9. Qc2 Na6 10. a3 f5 11. Nc3 Nc7 12. Ne2 Ne6 13. b4 Kh8 14. Bb2 Rf6 15. Ne5 Bxe5 16. dxe5 Rh6 17. Bc1 Rh5 18. Ng3 Nxg3 19. fxg3 dxc4 20. Qxc4 f4 21. gxf4 Qh4 22. h3 Qg3 23. Rf3 Qe1+ 24. Kh2 Bd7 25. Bb2 Qh4 26. f5 Ng5 27. Rf4 Nf3+ 28. Rxf3 Qg5 29. Qf4 Qe7 30. f6 1-0

[Event "DSOL 2021"]
[Site "Germany"]
[Date "2021.02.26"]
[Round "4.2"]
[White "Weichelt, Jens"]
[Black "Brock, Friedemann"]
[Result "1-0"]
[WhiteElo "2050"]
[BlackElo "2249"]
[Annotator "TA"]
[PlyCount "115"]
[EventDate "2021.01.18"]
[EventType "team-tourn"]
[EventCountry "GER"]
[SourceTitle "playchess.com"]
[Source "ChessBase"]
[SourceQuality "1"]
[WhiteTeam "SK Rochade Augsburg"]
[BlackTeam "TSG Taucha I"]

1. d4 Nf6 2. c4 e6 3. Nf3 Bb4+ 4. Bd2 Qe7 5. Nc3 b6 6. g3 Bb7 7. Bg2 O-O 8. O-O d6 9. Qc2 Nbd7 10. Rfe1 Bxc3 11. Bxc3 Be4 12. Qd2 Rad8 13. Rad1 Bb7 14. Qc2 Ne4 15. b3 Nxc3 16. Qxc3 Nf6 17. Nd2 Bxg2 18. Kxg2 e5 19. dxe5 dxe5 20. e4 Rd4 21. Nf3 Nxe4 22. Qe3 Rxd1 23. Rxd1 Nd6 24. Qxe5 Qxe5 25. Nxe5 Re8 26. Nc6 Re2 27. Nxa7 Rxa2 28. Nb5 Kf8 29. Nxd6 cxd6 30. Rxd6 b5 31. cxb5 Rb2 32. Rd3 Ra2 33. Rd4 Ra7 34. b6 Rb7 35. Rb4 Ke7 36. Kf3 Kd6 37. Ke4 Kc5 38. Rc4+ Kd6 39. Rc7 Rxb6 40. Rxf7 Rb4+ 41. Kf3 Rxb3+ 42. Kg2 g6 43. Rxh7 Ke6 44. g4 Kf6 45. f3 Rb1 46. h4 Rb2+ 47. Kg3 Rb1 48. g5+ Kf5 49. Rf7+ Ke5 50. f4+ Ke4 51. Re7+ Kd5 52. Rg7 Rg1+ 53. Kf2 Rg4 54. Kf3 Rxh4 55. Rxg6 Rh1 56. Kg4 Rf1 57. Kf5 Kd4 58. Re6 1-0

[Event "DSOL 2021"]
[Site "Germany"]
[Date "2021.02.23"]
[Round "4.2"]
[White "Grabowsky, Leon"]
[Black "Ress, Lothar"]
[Result "1-0"]
[WhiteElo "2042"]
[BlackElo "1456"]
[Annotator "ChessBase"]
[PlyCount "87"]
[EventDate "2021.01.18"]
[EventType "team-tourn"]
[EventCountry "GER"]
[SourceTitle "playchess.com"]
[Source "ChessBase"]
[SourceQuality "1"]

1. d4 d5 2. Bf4 Nf6 3. e3 Bg4 4. Nf3 e6 5. Nbd2 Bd6 6. Bxd6 cxd6 7. h3 Bh5 8. c4 O-O 9. cxd5 Nxd5 10. Rc1 Nc6 11. Bc4 Nf6 12. O-O d5 13. Bb5 Rc8 14. Bxc6 bxc6 15. Qa4 Qb6 16. Qa3 Rc7 17. Ne5 Rfc8 18. Rc5 Nd7 19. Ndc4 Qb8 20. Nxd7 Rxd7 21. Ne5 Rdc7 22. Rfc1 Qb6 23. Qc3 Kf8 24. g4 Bg6 25. Nxc6 f6 26. Qa3 Ke8 27. Nxa7 Rxc5 28. Rxc5 Rxc5 29. dxc5 Qc7 30. Qa4+ Kf8 31. Qa3 Kg8 32. Nb5 Qb8 33. Nd6 h5 34. b4 hxg4 35. hxg4 Kh7 36. b5 Kh6 37. b6 Kg5 38. Qa7 Qh8 39. b7 Qh4 40. Qa4 Be4 41. Nxe4+ dxe4 42. Qxe4 Qh8 43. Qf4+ Kg6 44. b8=Q 1-0

[Event "DSOL 2021"]
[Site "Germany"]
[Date "2021.02.25"]
[Round "4.2"]
[White "Penner, Markus"]
[Black "Meyer, Irmin"]
[Result "0-1"]
[WhiteElo "2037"]
[BlackElo "1965"]
[Annotator "TA"]
[PlyCount "68"]
[EventDate "2021.01.18"]
[EventType "team-tourn"]
[EventCountry "GER"]
[SourceTitle "playchess.com"]
[Source "ChessBase"]
[SourceQuality "1"]

1. e4 c6 2. d4 d5 3. e5 Bf5 4. Nf3 e6 5. Be2 c5 6. Be3 Nd7 7. O-O a6 8. Nbd2 c4 9. a4 h6 10. c3 Ne7 11. a5 Nc6 12. b3 cxb3 13. Nxb3 Rc8 14. Nfd2 Be7 15. c4 dxc4 16. Nxc4 O-O 17. Bd3 Bxd3 18. Qxd3 Ndxe5 19. Nxe5 Nxe5 20. Qe4 Nc6 21. Rfc1 Qd7 22. Nc5 Bxc5 23. Rxc5 Rcd8 24. Rd1 Qd6 25. Rh5 Qd7 26. Bxh6 f5 27. Qh4 gxh6 28. Rxh6 Qg7 29. Rh5 Rf6 30. Rd3 Rg6 31. Rh3 Rxg2+ 32. Kf1 Rg1+ 33. Ke2 Nxd4+ 34. Kd3 Rd1+ 0-1

[Event "DSOL 2021"]
[Site "Germany"]
[Date "2021.02.22"]
[Round "4.2"]
[White "Rebentisch, Tom"]
[Black "Henrich, David"]
[Result "1-0"]
[WhiteElo "2021"]
[BlackElo "2131"]
[Annotator "TA"]
[PlyCount "87"]
[EventDate "2021.01.18"]
[EventType "team-tourn"]
[EventCountry "GER"]
[SourceTitle "playchess.com"]
[Source "ChessBase"]
[SourceQuality "1"]

1. e4 d6 2. d4 g6 3. Be3 Bg7 4. c3 Nf6 5. Bd3 Ng4 6. Bg5 h6 7. Bh4 Nc6 8. h3 Nf6 9. f4 e5 10. Nf3 Qe7 11. O-O O-O 12. Qe2 Re8 13. fxe5 dxe5 14. d5 Nb8 15. c4 Nbd7 16. Nc3 g5 17. Bf2 Nh5 18. Bc2 Nf4 19. Qd2 Nb6 20. b3 h5 21. c5 g4 22. Nh4 Qg5 23. Kh2 Nd7 24. Nb5 Nxc5 25. Nxc7 Bd7 26. Nxa8 Rxa8 27. Rac1 Bb5 28. Rfd1 Ncd3 29. Bxd3 Bxd3 30. Qe3 Ba6 31. Rc7 Qd8 32. Rdc1 Bf6 33. Nf5 Bg5 34. h4 Ne6 35. hxg5 Nxc7 36. Qc3 Ne8 37. Qxe5 f6 38. Qe6+ Kh8 39. Bd4 b6 40. Qf7 Bc8 41. Bxf6+ Qxf6 42. gxf6 Bxf5 43. exf5 h4 44. Rc7 1-0

[Event "DSOL 2021"]
[Site "Germany"]
[Date "2021.02.23"]
[Round "4.2"]
[White "Haase, Wolfgang"]
[Black "Wendland, Guido"]
[Result "1-0"]
[WhiteElo "2020"]
[BlackElo "1500"]
[Annotator "ChessBase"]
[PlyCount "87"]
[EventDate "2021.01.18"]
[EventType "team-tourn"]
[EventCountry "GER"]
[SourceTitle "playchess.com"]
[Source "ChessBase"]
[SourceQuality "1"]

1. e4 Nf6 2. e5 Nd5 3. d4 d6 4. Nf3 dxe5 5. dxe5 Bg4 6. Be2 e6 7. O-O Bc5 8. c4 Nb4 9. Qxd8+ Kxd8 10. Na3 Nd7 11. Bg5+ f6 12. exf6 gxf6 13. Bh4 a6 14. Rad1 Ke7 15. Rxd7+ Kxd7 16. Bxf6 Bxf3 17. Bxf3 Rhf8 18. Rd1+ Bd6 19. Bc3 Ke7 20. Rxd6 cxd6 21. Bxb4 Rf5 22. Be4 Rh5 23. Nc2 Rc8 24. Ne3 Kd7 25. Bf3 Rg5 26. h4 Rg7 27. Bc3 Rf7 28. Bxb7 Rcf8 29. f3 a5 30. Ba6 Ke7 31. Bb5 Ra8 32. a4 Rf4 33. h5 Rg8 34. Ng4 e5 35. c5 dxc5 36. Bxe5 Rf5 37. Bc3 Rxh5 38. Nf6 Rhg5 39. Nxg8+ Rxg8 40. Bxa5 Kd6 41. Bd2 Ke5 42. Kf2 Kd4 43. Bc3+ Kd5 44. g4 1-0

[Event "DSOL 2021"]
[Site "Germany"]
[Date "2021.02.22"]
[Round "4.2"]
[White "Soergel, Thomas"]
[Black "Heiden, Markus"]
[Result "1/2-1/2"]
[WhiteElo "2019"]
[BlackElo "1944"]
[Annotator "TA"]
[PlyCount "85"]
[EventDate "2021.01.18"]
[EventType "team-tourn"]
[EventCountry "GER"]
[SourceTitle "playchess.com"]
[Source "ChessBase"]
[SourceQuality "1"]

1. c4 Nf6 2. Nc3 e6 3. g3 d5 4. cxd5 exd5 5. d4 c6 6. Nf3 Bf5 7. Bg2 Bd6 8. O-O Nbd7 9. Re1 O-O 10. Nh4 Bg4 11. Qc2 Re8 12. Nf5 Bxf5 13. Qxf5 Nf8 14. Bg5 Qd7 15. Qxd7 N6xd7 16. Bf4 Bxf4 17. gxf4 Ne6 18. e3 f5 19. b4 a6 20. a4 Nb6 21. b5 axb5 22. axb5 Kf8 23. bxc6 bxc6 24. Bf1 c5 25. dxc5 Nxc5 26. Nb5 g6 27. Nd4 Nba4 28. Bb5 Re7 29. Bc6 Raa7 30. Reb1 Nc3 31. Rb8+ Kg7 32. Rxa7 Rxa7 33. Ra8 Rxa8 34. Bxa8 Kf6 35. Bc6 Ne6 36. Nb5 Nxb5 37. Bxb5 g5 38. fxg5+ Nxg5 39. Bc6 Ke6 40. Kg2 Nf7 41. Ba4 Ke5 42. Bc2 h6 43. Bd3 1/2-1/2

[Event "DSOL 2021"]
[Site "Germany"]
[Date "2021.02.23"]
[Round "4.2"]
[White "Klaas, Heiko"]
[Black "Lehmann, Rainer"]
[Result "1-0"]
[WhiteElo "2012"]
[BlackElo "2037"]
[Annotator "ChessBase"]
[PlyCount "51"]
[EventDate "2021.01.18"]
[EventType "team-tourn"]
[EventCountry "GER"]
[SourceTitle "playchess.com"]
[Source "ChessBase"]
[SourceQuality "1"]

1. e4 e6 2. d4 d5 3. Nd2 Be7 4. Bd3 c5 5. c3 cxd4 6. cxd4 dxe4 7. Nxe4 Nf6 8. Nf3 Nxe4 9. Bxe4 Nd7 10. O-O Nf6 11. Bc2 O-O 12. Bf4 b6 13. Rc1 Bb7 14. Be5 Rc8 15. Qe2 Qd5 16. Bb1 Qa5 17. Rfd1 Ba6 18. Qe3 Qb4 19. b3 Qa3 20. Ng5 g6 21. Rxc8 Rxc8 22. Qf4 h6 23. Nxe6 fxe6 24. Bxf6 Qd6 25. Be5 Qd8 26. Qxh6 1-0

[Event "DSOL 2021"]
[Site "Germany"]
[Date "2021.02.22"]
[Round "4.2"]
[White "Krueger, Simon"]
[Black "Speck, Stefan"]
[Result "1-0"]
[WhiteElo "2011"]
[BlackElo "1536"]
[Annotator "TA"]
[PlyCount "61"]
[EventDate "2021.01.18"]
[EventType "team-tourn"]
[EventCountry "GER"]
[SourceTitle "playchess.com"]
[Source "ChessBase"]
[SourceQuality "1"]

1. e4 e6 2. Nc3 d5 3. Nf3 Nf6 4. e5 Nfd7 5. a3 c5 6. b4 Nc6 7. bxc5 Bxc5 8. d4 Be7 9. Bd3 a6 10. Be3 b5 11. Ne2 Nb6 12. h4 Nc4 13. Ng3 Nxe3 14. fxe3 Bb7 15. Nh5 g6 16. Nf4 Na5 17. Qe2 Nc4 18. g4 Nb2 19. Bxb5+ axb5 20. Qxb5+ Qd7 21. Qxb2 O-O 22. g5 Rfb8 23. h5 Kg7 24. c3 Ba6 25. Qh2 Rh8 26. Kf2 Qa4 27. Kg3 Rab8 28. Rab1 Rb3 29. Qc2 Bc4 30. h6+ Kf8 31. Nd2 1-0

[Event "DSOL 2021"]
[Site "Germany"]
[Date "2021.02.25"]
[Round "4.2"]
[White "Raider, Eugen"]
[Black "Engert, Marvin"]
[Result "1-0"]
[WhiteElo "2005"]
[BlackElo "2000"]
[Annotator "RC"]
[PlyCount "97"]
[EventDate "2021.01.18"]
[EventType "team-tourn"]
[EventCountry "GER"]
[SourceTitle "playchess.com"]
[Source "ChessBase"]
[SourceQuality "1"]

1. e4 c5 2. a3 g6 3. b4 Bg7 4. Nc3 b6 5. Rb1 d6 6. g3 Nc6 7. Bg2 Bb7 8. Nge2 Qd7 9. O-O Nf6 10. d3 O-O 11. Nd5 Nxd5 12. exd5 Nd4 13. Re1 Rfe8 14. Bd2 Qf5 15. Nf4 Qd7 16. Bh3 Qa4 17. bxc5 dxc5 18. Rc1 e5 19. dxe6 Nf3+ 20. Kf1 Nxh2+ 21. Kg1 Nf3+ 22. Kf1 Nxe1 23. Qxe1 fxe6 24. Bxe6+ Kh8 25. Qe2 Bc8 26. Qg4 Bxe6 27. Nxg6+ hxg6 28. Qxa4 c4 29. Qc6 Rac8 30. Qb7 cxd3 31. cxd3 Rxc1+ 32. Bxc1 Bh3+ 33. Kg1 Bf5 34. Be3 Rd8 35. d4 Rd7 36. Qb8+ Kh7 37. Qf4 Kg8 38. g4 Be6 39. Qe4 Kf7 40. Kh2 Rd5 41. Kg3 Rd7 42. f4 Bd5 43. Qc2 Re7 44. Bf2 Rd7 45. f5 gxf5 46. Qxf5+ Ke8 47. Be3 Bc4 48. Qg6+ Kf8 49. Qc6 1-0

[Event "DSOL 2021"]
[Site "Germany"]
[Date "2021.02.24"]
[Round "4.2"]
[White "Schmidt, Oliver"]
[Black "Schoettker, Jochen"]
[Result "1/2-1/2"]
[WhiteElo "1989"]
[BlackElo "1943"]
[Annotator "TA"]
[PlyCount "77"]
[EventDate "2021.01.18"]
[EventType "team-tourn"]
[EventCountry "GER"]
[SourceTitle "playchess.com"]
[Source "ChessBase"]
[SourceQuality "1"]

1. d4 f5 2. g3 g6 3. Bg2 Nf6 4. Nh3 Bg7 5. O-O d6 6. c3 Nc6 7. Nd2 e5 8. dxe5 Nxe5 9. Qb3 c6 10. Nf4 Qe7 11. Nf3 d5 12. Nxe5 Qxe5 13. Be3 O-O 14. Bd4 Qe7 15. c4 dxc4 16. Qxc4+ Qf7 17. Qxf7+ Rxf7 18. Rfd1 g5 19. Nd3 Be6 20. Nc5 Bc4 21. e3 Re8 22. Rac1 Bd5 23. Bxf6 Bxf6 24. Bxd5 cxd5 25. Rxd5 b6 26. Nd3 Bg7 27. b3 h6 28. Rc6 Kh7 29. Nb4 Re5 30. Rxe5 Bxe5 31. Nd5 Kg7 32. Re6 Bb2 33. Re7 Ba3 34. Rxf7+ Kxf7 35. Kf1 Bd6 36. Ke2 Ke6 37. Nc3 h5 38. Kd3 a6 39. f4 1/2-1/2

[Event "DSOL 2021"]
[Site "Germany"]
[Date "2021.02.23"]
[Round "4.2"]
[White "Brockhoff, Moritz"]
[Black "Andrae, Ralf"]
[Result "1/2-1/2"]
[WhiteElo "1985"]
[BlackElo "2030"]
[Annotator "ChessBase"]
[PlyCount "63"]
[EventDate "2021.01.18"]
[EventType "team-tourn"]
[EventCountry "GER"]
[SourceTitle "playchess.com"]
[Source "ChessBase"]
[SourceQuality "1"]

1. e4 g6 2. d4 Bg7 3. h4 d5 4. e5 c5 5. c3 Nc6 6. h5 cxd4 7. cxd4 Qb6 8. Ne2 Bf5 9. a3 f6 10. h6 Bf8 11. Nbc3 fxe5 12. Nxd5 Qa5+ 13. Nec3 Nxd4 14. Bd3 Be6 15. b4 Qd8 16. Bb5+ Kf7 17. Bc4 Rc8 18. Ba2 Bxd5 19. Nxd5 e6 20. Ne3 Nxh6 21. Nc4 Qd5 22. Bxh6 Rxc4 23. Bxc4 Qxg2 24. Rh4 Bxh6 25. Rxd4 exd4 26. Qxd4 Re8 27. Rd1 Qh1+ 28. Ke2 Qh5+ 29. Kf1 Qh1+ 30. Ke2 Qh5+ 31. Kf1 Qh1+ 32. Ke2 1/2-1/2

[Event "DSOL 2021"]
[Site "Germany"]
[Date "2021.02.26"]
[Round "4.2"]
[White "Ruiz-Hampel, Enrique"]
[Black "Mark, Philipp"]
[Result "1/2-1/2"]
[WhiteElo "1984"]
[BlackElo "1702"]
[Annotator "TA"]
[PlyCount "93"]
[EventDate "2021.01.18"]
[EventType "team-tourn"]
[EventCountry "GER"]
[SourceTitle "playchess.com"]
[Source "ChessBase"]
[SourceQuality "1"]
[WhiteTeam "Eckernförder SC I"]
[BlackTeam "SC Windischeschenbach"]

1. e4 e5 2. Nf3 Nf6 3. Nxe5 d6 4. Nf3 Nxe4 5. d4 d5 6. Bd3 Bf5 7. O-O Be7 8. c4 O-O 9. Nc3 Nxc3 10. bxc3 Bxd3 11. Qxd3 dxc4 12. Qxc4 c6 13. Bf4 Nd7 14. Rfe1 Nb6 15. Qb3 Re8 16. Re2 Qd5 17. Rae1 Qxb3 18. axb3 Kf8 19. Kf1 Nd5 20. Bd2 Bd6 21. g3 Rxe2 22. Kxe2 Re8+ 23. Kd3 Rxe1 24. Nxe1 Ke7 25. Nc2 Kd7 26. c4 Nf6 27. h3 h6 28. Ne3 Ke6 29. g4 g6 30. Ng2 h5 31. g5 Ng8 32. Ke4 Ne7 33. Ne3 a6 34. d5+ cxd5+ 35. cxd5+ Kd7 36. f4 b5 37. f5 Kc7 38. f6 Nc8 39. Ba5+ Kd7 40. Nc2 Bc7 41. Bxc7 Kxc7 42. Nd4 Nd6+ 43. Ke5 a5 44. Ne6+ Kd7 45. Nc5+ Kc7 46. Na6+ Kd7 47. Nc5+ 1/2-1/2

[Event "DSOL 2021"]
[Site "Germany"]
[Date "2021.02.22"]
[Round "4.2"]
[White "Jablonowski, Christoph"]
[Black "Agne, Marcel"]
[Result "0-1"]
[WhiteElo "1972"]
[BlackElo "1982"]
[Annotator "TA"]
[PlyCount "118"]
[EventDate "2021.01.18"]
[EventType "team-tourn"]
[EventCountry "GER"]
[SourceTitle "playchess.com"]
[Source "ChessBase"]
[SourceQuality "1"]

1. d4 Nf6 2. c4 e6 3. Nf3 b6 4. g3 Bb7 5. Bg2 Be7 6. O-O d6 7. Nc3 Nbd7 8. Qc2 c5 9. d5 exd5 10. Nh4 O-O 11. Nf5 Re8 12. Nxe7+ Qxe7 13. cxd5 a6 14. a4 b5 15. axb5 axb5 16. Rxa8 Rxa8 17. Nxb5 Bxd5 18. Bf4 Bxg2 19. Kxg2 d5 20. Bd6 Qe4+ 21. Qxe4 Nxe4 22. Bf4 g5 23. Bc1 Rb8 24. Nc7 d4 25. f3 Nef6 26. Bxg5 Rxb2 27. Rf2 c4 28. e3 d3 29. Bxf6 Nxf6 30. Rxb2 c3 31. Rb8+ Kg7 32. Ne8+ Nxe8 33. Rxe8 c2 34. Rc8 d2 35. Rxc2 d1=Q 36. Rf2 Kg6 37. e4 Qd3 38. Ra2 Kf6 39. h4 h5 40. Kf2 Qd4+ 41. Kg2 Qc3 42. Re2 Ke5 43. Kf2 Kd4 44. Re1 Qc2+ 45. Re2 Qc1 46. Re1 Qb2+ 47. Re2 Qb6 48. Re3 Qc5 49. e5 Kd5 50. f4 Ke6 51. Kf3 Kf5 52. Kf2 Kg4 53. Ke2 Qd5 54. Kf2 Qd1 55. Re2 Qh1 56. Re3 Qh2+ 57. Ke1 Qc2 58. Kf1 Qd2 59. Re2 Qd3 0-1

[Event "DSOL 2021"]
[Site "Germany"]
[Date "2021.02.22"]
[Round "4.2"]
[White "Kaliski, Erwin"]
[Black "Kemper, Yannick"]
[Result "1/2-1/2"]
[WhiteElo "1962"]
[BlackElo "1733"]
[Annotator "TA"]
[PlyCount "63"]
[EventDate "2021.01.18"]
[EventType "team-tourn"]
[EventCountry "GER"]
[SourceTitle "playchess.com"]
[Source "ChessBase"]
[SourceQuality "1"]

1. e4 c5 2. c3 Nf6 3. e5 Nd5 4. d4 cxd4 5. cxd4 Nc6 6. Nc3 Nxc3 7. bxc3 d6 8. f4 dxe5 9. fxe5 Bf5 10. Nf3 e6 11. Bd3 Bg6 12. O-O Be7 13. Be3 Rc8 14. Rc1 Bxd3 15. Qxd3 O-O 16. c4 Qc7 17. Qe4 Na5 18. d5 Bc5 19. dxe6 fxe6 20. Bxc5 Qxc5+ 21. Kh1 Qe7 22. h3 Rc5 23. Rf2 Rfc8 24. Rfc2 h6 25. Qg4 Nc6 26. Rd2 Nxe5 27. Nxe5 Rxe5 28. Rcd1 Rec5 29. Rd7 Qf6 30. Rxb7 Rxc4 31. Qg3 Rc3 32. Qg4 1/2-1/2

[Event "DSOL 2021"]
[Site "Germany"]
[Date "2021.02.25"]
[Round "4.2"]
[White "Bosser, Heinz-Dieter"]
[Black "Hofer, Markus"]
[Result "0-1"]
[WhiteElo "1947"]
[BlackElo "2058"]
[Annotator "TA"]
[PlyCount "50"]
[EventDate "2021.01.18"]
[EventType "team-tourn"]
[EventCountry "GER"]
[SourceTitle "playchess.com"]
[Source "ChessBase"]
[SourceQuality "1"]

1. d4 d5 2. c4 e6 3. Nc3 Be7 4. Nf3 Nf6 5. Bf4 Nbd7 6. e3 a6 7. h3 dxc4 8. Bxc4 b5 9. Be2 Bb7 10. O-O O-O 11. Rc1 c5 12. dxc5 Nxc5 13. Qxd8 Rfxd8 14. Rfd1 b4 15. Nb1 Bd5 16. b3 a5 17. Bc4 Bxc4 18. Rxd8+ Rxd8 19. bxc4 Nd3 20. Rd1 Nxf4 21. Rxd8+ Bxd8 22. exf4 Ne4 23. a3 Bb6 24. axb4 axb4 25. Nfd2 Bxf2+ 0-1

[Event "DSOL 2021"]
[Site "Germany"]
[Date "2021.02.25"]
[Round "4.2"]
[White "Lehmann, Martin"]
[Black "Atri, Jamshid"]
[Result "0-1"]
[WhiteElo "1947"]
[BlackElo "1957"]
[Annotator "TA"]
[PlyCount "150"]
[EventDate "2021.01.18"]
[EventType "team-tourn"]
[EventCountry "GER"]
[SourceTitle "playchess.com"]
[Source "ChessBase"]
[SourceQuality "1"]

1. e4 d6 2. d4 Nf6 3. Nc3 e5 4. dxe5 dxe5 5. Qxd8+ Kxd8 6. Nf3 Bd6 7. Be3 a6 8. O-O-O Ke8 9. h3 h6 10. g4 Be6 11. a3 Nbd7 12. g5 Nh5 13. gxh6 gxh6 14. Be2 Nhf6 15. Nd2 b5 16. Nb3 Bxb3 17. cxb3 Bc5 18. Nd5 Bxe3+ 19. fxe3 Ra7 20. Nxf6+ Nxf6 21. Rhf1 Ke7 22. Rf5 Nd7 23. Bg4 c6 24. Rdf1 f6 25. R5f2 Rf8 26. b4 Nb6 27. Rd1 Nc4 28. Rd3 Nd6 29. Rfd2 Rd8 30. Bf5 Nf7 31. Rxd8 Nxd8 32. Rg2 Kf7 33. Rg6 Ne6 34. Rxh6 Nf8 35. Rh4 Rc7 36. Rg4 c5 37. bxc5 Rxc5+ 38. Kd2 a5 39. h4 Ne6 40. Bxe6+ Kxe6 41. h5 b4 42. axb4 axb4 43. h6 Rc7 44. Rg7 Rc8 45. h7 Rh8 46. Rc7 Kd6 47. Rb7 Ke6 48. Kc2 Kd6 49. Kb3 Kc5 50. Rf7 Kb5 51. Re7 Kc5 52. Rc7+ Kd6 53. Rf7 Kc5 54. Rc7+ Kd6 55. Ra7 Kc5 56. Rb7 Kc6 57. Rg7 Kc5 58. Rf7 Kb5 59. Rc7 Kb6 60. Rf7 Kc5 61. Rxf6 Rxh7 62. Rf8 Rh3 63. Rf5 Rxe3+ 64. Ka4 Rxe4 65. b3 Kd5 66. Rf8 Rd4 67. Rd8+ Ke4 68. Rb8 Kd3 69. Re8 e4 70. Kb5 e3 71. Kc5 Re4 72. Rd8+ Kc2 73. Kd5 e2 74. Kxe4 e1=Q+ 75. Kf3 Kxb3 0-1

[Event "DSOL 2021"]
[Site "Germany"]
[Date "2021.02.25"]
[Round "4.2"]
[White "Klugstedt, Vincent"]
[Black "Seidel, Mika"]
[Result "1/2-1/2"]
[WhiteElo "1928"]
[BlackElo "1966"]
[Annotator "TA"]
[PlyCount "133"]
[EventDate "2021.01.18"]
[EventType "team-tourn"]
[EventCountry "GER"]
[SourceTitle "playchess.com"]
[Source "ChessBase"]
[SourceQuality "1"]

1. d4 Nf6 2. c4 g6 3. Nc3 d5 4. cxd5 Nxd5 5. e4 Nxc3 6. bxc3 Bg7 7. Nf3 c5 8. Bb5+ Nc6 9. O-O cxd4 10. cxd4 O-O 11. Be3 Bg4 12. Bxc6 bxc6 13. Rc1 Rc8 14. Qa4 Bxf3 15. gxf3 Qd7 16. Rc5 Qh3 17. Qd1 Rfd8 18. f4 Bxd4 19. Bxd4 Qd7 20. Qf3 Qxd4 21. Rfc1 Qa4 22. f5 Qxa2 23. R5c2 Qa4 24. Rc4 Qa2 25. R4c2 Qa6 26. Rc5 Rd2 27. Kg2 Qe2 28. Ra5 Rc7 29. h4 Kg7 30. fxg6 hxg6 31. h5 Qxf3+ 32. Kxf3 gxh5 33. Rxh5 e6 34. Ra5 Kf6 35. Rc3 Rd4 36. Ke3 Rb4 37. Rca3 Rbb7 38. f4 Ke7 39. Kd4 Rd7+ 40. Kc4 Rbc7 41. Ra1 Kd8 42. Kc5 Kc8 43. Ra6 Kb8 44. Rxc6 Rxc6+ 45. Kxc6 Rd4 46. Rb1+ Kc8 47. Ra1 Rxe4 48. f5 Rc4+ 49. Kd6 Rd4+ 50. Kc6 Rd7 51. fxe6 fxe6 52. Re1 Rc7+ 53. Kd6 a5 54. Ra1 Ra7 55. Kxe6 Kc7 56. Kd5 Kb6 57. Kc4 Rc7+ 58. Kb3 Kb5 59. Rf1 a4+ 60. Ka3 Rc3+ 61. Kb2 Rc4 62. Rf8 Kb4 63. Rb8+ Ka5 64. Ra8+ Kb6 65. Ka3 Rf4 66. Rxa4 Rxa4+ 67. Kxa4 1/2-1/2